1502 1369 1429 1720 1335 1590 1563 1107 1988 1859 1123 1137 1105 1012 1649 1763 1815 1999 1043 1612 1823 1664 1305 1542 1320 1709 1035 1201 1154 1366 1075 1955 1261 1132 1672 1685 1947 1880 1118 1544 1822 1882 1098 1999 1295 1056 1494 1260 1965 1060 1138 1131 1093 1336 1432 1650 1131 1112 1614 1484 1475 1280 1552 1725 1934 1153 1531 1155 1295 1837 1371 1981 1018 1733 1203 1542 1757 1648 1362 1826 1158 1367 1263 1314 1014 1285 1637 1889 1358 1287 1838 1240 1652 1904 1261 1310 1708 1109 1200 BCNSPRNW ULIB Ver.6.0+V

เปลี่ยนเป็นภาษาไทย

Change to English
 แสดงรายละเอียดบรรณานุกรม
  กลับหน้าหลัก

Brief Record : Get Marc (ISO 2709) : E-mail record : QR code < ปิดหน้าต่าง
LEADER : 00000nam 2200000uu 4500
001    13399112632
003     ULIB
008    110829s2549||||th 000 0 tha d
020    9747155931
020    9789747155938
050  4 HV1593^bอ964ส 2549
100 0  โอปอล์ ประภาวดี
245 10 สะพานไม้ :^bเรื่องราวจากบางร่างกายและจิตใจที่อาจไม่สมบูรณ์พร้อมแต่ยอมพลีกายถวายใจทอดตัวเป็นสะพานไม้ให้เพื่อนผู้พิการได้ก้าวข้าม /^cโอปอล์ ประภาวดี
250    พิมพ์ครั้งที่ 1
260    นนทบุรี :^bแผนงานสร้างเสริมสุขภาพคนพิการในสังคมไทย,^c2549
300    143 หน้า :^bภาพประกอบสี ;^c19 ซม.
440  0 สารคดีชุดประสบการณ์ชีวิตคนพิการ ;^vลำดับที่ 3
650  4 คนพิการ^vรวมเรื่อง
653    Open Your Eyes Project
945    ^p160^l0^i020700
995    ทศพร
999 ^a ทศพร
รายการนี้ยังไม่มีแท็ก
คุณยังไม่ได้ล็อกอิน คุณสามารถมีกิจกรรมร่วมกับเว็บไซต์ได้ แต่ต้องล็อกอินก่อน ::
  ล็อกอิน

รายการสื่อสารสนเทศ

ลำดับที่ ประเภท เลขเรียก/บาร์โค้ด สถานที่ สถานะ
- ไม่พบข้อมูล -

รายการใกล้เคียง
    ผู้แต่ง [โอปอล์ ประภาวดี]

BibComment


ยังไม่เคยถูกคอมเมนท์

คอมเมนท์ทรัพยากรรายการนี้
  คอมเมนท์: สะพานไม้ เรื่องร..


 Copyright 2026. Bcnsprnw @Library